[Event "Skovbo "]
[Site "Borup"]
[Date "2014.09.11"]
[Round "5"]
[White "Vovk, Oksana"]
[Black "Smith, Axel"]
[Result "0-1"]
[WhiteElo "2070"]
[BlackElo "2481"]
[PlyCount "60"]
[EventDate "2014.09.05"]
[EventType "swiss"]
[EventRounds "9"]
[EventCountry "DEN"]
[Source "ChessBase"]
[SourceDate "2014.10.17"]

1. d4 Nf6 2. c4 g6 3. g3 d5 4. cxd5 Nxd5 5. Bg2 Nb6 6. e4 Bg7 7. Ne2 c5 8. d5
O-O 9. O-O e6 10. Nec3 Na6 11. a4 exd5 12. exd5 Bf5 13. g4 Bc8 14. Nd2 Nb4 15.
Nde4 c4 16. Bg5 f6 17. Be3 Nd3 18. a5 Nd7 19. Nd6 N7e5 20. Nxc4 Bxg4 21. Qb3
Nf3+ 22. Kh1 f5 23. Nd2 Qh4 24. Nxf3 Bxf3 25. d6+ Kh8 26. Nd5 Be5 27. Nf4 Nxf4
28. Bxf3 Ng2 29. Bf4 Qxf4 30. Bxg2 Qxh2# 0-1